Principles of polymerization / (Record no. 20972)

MARC details
000 -LEADER
fixed length control field 01045cam a22003015i 4500
001 - CONTROL NUMBER
control field 13561076
003 - CONTROL NUMBER IDENTIFIER
control field EG-ScBUE
005 - DATE AND TIME OF LATEST TRANSACTION
control field 20251210091449.0
008 - FIXED-LENGTH DATA ELEMENTS--GENERAL INFORMATION
fixed length control field 040416t2004 njua f b 001 0 eng d
020 ## - INTERNATIONAL STANDARD BOOK NUMBER
International Standard Book Number 9780471274001
040 ## - CATALOGING SOURCE
Original cataloging agency EG-ScBUE
Language of cataloging eng
Description conventions rda
Transcribing agency EG-ScBUE
Modifying agency EG-ScBUE
082 04 - DEWEY DECIMAL CLASSIFICATION NUMBER
Classification number 547.28
Edition number 22
Item number ODI
100 1# - MAIN ENTRY--PERSONAL NAME
Personal name Odian, George G.,
Dates associated with a name 1933-2019,
9 (RLIN) 38565
Relator term author.
245 10 - TITLE STATEMENT
Title Principles of polymerization /
Statement of responsibility, etc George Odian, College of Staten Island, City University of New York, Staten Island, New York.
250 ## - EDITION STATEMENT
Edition statement Fourth edition.
264 #1 - PUBLICATION, DISTRIBUTION, ETC. (IMPRINT)
Place of publication, distribution, etc Hoboken :
Name of publisher, distributor, etc Wiley-Interscience,
Date of publication, distribution, etc [2004]
264 #4 - PUBLICATION, DISTRIBUTION, ETC. (IMPRINT)
Date of publication, distribution, etc c2004
300 ## - PHYSICAL DESCRIPTION
Extent xxiv, 812 pages :
Other physical details illustrations ;
Dimensions 25 cm
336 ## - CONTENT TYPE
Source rdacontent
Content type term text
Content type code txt
337 ## - MEDIA TYPE
Media type term unmediated
Source rdamedia
Media type code n
338 ## - CARRIER TYPE
Carrier type term volume
Carrier type code nc
Source rdacarrier
500 ## - GENERAL NOTE
General note Previous editipn : 1991.
504 ## - BIBLIOGRAPHY, ETC. NOTE
Bibliography, etc Includes bibliographical references and index.<br/>
650 #7 - SUBJECT ADDED ENTRY--TOPICAL TERM
Topical term or geographic name as entry element Polymerization.
Source of heading or term BUEsh
9 (RLIN) 6762
653 ## - INDEX TERM--UNCONTROLLED
Resource For college Engineering, General
Arrived date list October2015
-- November2015
655 ## - INDEX TERM--GENRE/FORM
Form subdivision Reading book
9 (RLIN) 34232
942 ## - ADDED ENTRY ELEMENTS (KOHA)
Source of classification or shelving scheme Dewey Decimal Classification
Koha item type Book - Borrowing
Holdings
Withdrawn status Lost status Source of classification or shelving scheme Damaged status Not for loan Collection code Home library Current library Shelving location Date acquired Source of acquisition Total Checkouts Full call number Barcode Date last seen Price effective from Koha item type Cost, normal purchase price Serial Enumeration / chronology Total Renewals Date checked out Cost, replacement price
    Dewey Decimal Classification     Baccah Central Library Central Library First floor 25/10/2015 Purchase   547.28 ODI 000031079 15/07/2025 25/10/2015 Book - Borrowing          
    Dewey Decimal Classification     Baccah Central Library Central Library First floor 25/10/2015 Purchase   547.28 ODI 000031080 15/07/2025 25/10/2015 Book - Borrowing          
    Dewey Decimal Classification     Baccah Central Library Central Library First floor 25/10/2015 Purchase   547.28 ODI 000031095 15/07/2025 25/10/2015 Book - Borrowing          
    Dewey Decimal Classification     Baccah Central Library Central Library First floor 24/11/2015 Purchase 1 547.28 ODI 000039583 15/07/2025 24/11/2015 Book - Borrowing 912.00 23317 12 15/10/2017 1140.00